| Tag |
First Indicator |
Second Indicator |
Subfields |
| LEADER |
00000pam a22000004a 4500 |
| 001 |
in00001689310 |
| 005 |
20151024143132.0 |
| 008 |
020307s2002 gw ab b 001 0 eng |
| 010 |
|
|
|a 2002021223
|
| 020 |
|
|
|a 3540432426 (alk. paper)
|
| 035 |
|
|
|a (OCoLC)ocm49331928
|
| 040 |
|
|
|a DLC
|c DLC
|d TXA
|d UtOrBLW
|
| 042 |
|
|
|a pcc
|
| 043 |
|
|
|a e------
|
| 049 |
|
|
|a TXAM
|
| 050 |
0 |
0 |
|a HG925
|b .R435 2002
|
| 082 |
0 |
0 |
|a 337.1/42
|2 21
|
| 245 |
0 |
0 |
|a Regional convergence in the European Union :
|b facts, prospects, and policies /
|c Juan R. Cuadrado-Roura, Martí Parellada, editors.
|
| 264 |
|
1 |
|a Berlin ;
|a New York :
|b Springer,
|c [2002]
|
| 264 |
|
4 |
|c ©2002
|
| 300 |
|
|
|a viii, 368 pages :
|b illustrations, maps ;
|c 25 cm.
|
| 336 |
|
|
|a text
|b txt
|2 rdacontent
|
| 337 |
|
|
|a unmediated
|b n
|2 rdamedia
|
| 338 |
|
|
|a volume
|b nc
|2 rdacarrier
|
| 490 |
1 |
|
|a Advances in spatial science
|
| 504 |
|
|
|a Includes bibliographical references and index.
|
| 610 |
2 |
0 |
|a Economic and Monetary Union.
|
| 650 |
|
0 |
|a Monetary unions
|z European Union countries.
|
| 650 |
|
0 |
|a Monetary policy
|z European Union countries.
|
| 651 |
|
0 |
|a Europe
|x Economic integration.
|
| 700 |
1 |
|
|a Cuadrado Roura, Juan R.
|
| 700 |
1 |
|
|a Parellada, Martí,
|d 1951-
|
| 830 |
|
0 |
|a Advances in spatial science.
|
| 994 |
|
|
|a E0
|b TXA
|
| 948 |
|
|
|a cataloged
|b h
|c 2002/7/31
|d c
|e bwalker
|f 11:43:28 am
|
| 999 |
|
|
|a MARS
|
| 999 |
f |
f |
|s 2f2420c1-a182-3aa8-a98c-7ab7012982aa
|i 782787f9-bdb9-3f87-a5cf-a60a2a6362ed
|t 0
|
| 952 |
f |
f |
|p ric
|a Texas A&M University
|b Rellis Campus
|c Joint Library Facility
|d Remote Storage
|t 0
|e HG925 .R435 2002
|h Library of Congress classification
|i unmediated -- volume
|m A14829009565
|
| 998 |
f |
f |
|a HG925 .R435 2002
|t 0
|l Remote Storage
|